000 00861cab a2200229 4500
001 ABS50867
008 090401t1994 xxu||||| |||| 00| 0 eng d
035 _a(Sirsi) u82181
041 _aeng
100 _aOlasov, B.
245 _aCommercial mortgage securitization: capital markets fill a void
260 _c1994
350 _a0
490 _aReal Estate Review
_v25(2) Summer 1994, 18-24(7)
520 _aAttempts to construct a framework for understanding the compelling characteristics of financing commercial real estate through the capital markets. Discusses the benefits and risks for all players in the real estate market with useful recommendations.
650 _aCOMMERCIAL MORTGAGES
650 _aPROPERTY FINANCE
650 _aSECURITISATION
690 _aPROPERTY-PROPERTY FINANCE AND INVESTMENT
942 _n0
948 _c04/03/1997
999 _c51844
_d51844